| 000 | 00805nam a2200241Ia 4500 | ||
|---|---|---|---|
| 003 | OSt | ||
| 005 | 20221005113223.0 | ||
| 006 | a|||||r|||| 00| 0 | ||
| 007 | ta | ||
| 008 | 221004b |||||||| |||| 00| 0 pan d | ||
| 020 | _c240 | ||
| 024 | _a105564 | ||
| 037 |
_b7848/II, 21/02/2011, Arsee Publishers _cTextual |
||
| 040 |
_aCRL _cCRL _bpan |
||
| 041 |
_2pan _apan |
||
| 082 | _aO153,3:g, Q0 | ||
| 100 | _aਧੀਮਨ, ਹਰਬੰਸ ਸਿੰਘ | ||
| 245 | 0 | _aਪੰਜਾਬੀ ਫ਼ਲਪ ਚਿੰਤਨ | |
| 260 |
_aਪਟਿਆਲਾ _bਗਗਨ ਪ੍ਰਕਾਨ ਭਾਰਤ _c2010 |
||
| 300 |
_a238ਪੰ _ccm. |
||
| 942 |
_hO153,3:g, Q0 _cTEXL _2cc |
||
| 999 |
_c1027442 _d1027442 |
||